[Event "Rio de Janeiro Estadual op"]
[Site "Rio de Janeiro"]
[Date "2014.08.02"]
[Round "1"]
[White "Pereira, Diego Lucio Villela"]
[Black "Chaves, Jorge Antonio Torre"]
[Result "0-1"]
[WhiteElo "1660"]
[BlackElo "2025"]
[PlyCount "46"]
[EventDate "2014.08.02"]
[EventType "swiss"]
[EventRounds "6"]
[EventCountry "BRA"]
[SourceTitle "CBM 162 Extra"]
[Source "ChessBase"]
[SourceDate "2014.10.17"]
[SourceVersion "1"]
[SourceVersionDate "2014.10.17"]
[SourceQuality "1"]

1. c4 Nf6 2. Nc3 e5 3. g3 d5 4. cxd5 Nxd5 5. Bg2 Nb6 6. Nf3 Nc6 7. 0-0 Be7 8. d3 Be6 9. Bd2 Qd7 10. Re1 h6 11. Be3 g5 12. Nd2 f5 13. Nb3 f4 14. Nc5 Bxc5 15. Bxc5 0-0-0 16. Bxb6 axb6 17. Ne4 Nd4 18. Qd2 Qf7 19. Bh1 Rhf8 20. Rac1 fxg3 21. fxg3 Qh5 22. Nf2 Rxf2 23. Kxf2 Qxh2+ 0-1